Desarrollo de la bolsa de empleo para la escuela de ingeniería eléctrica con ruby on rails
محفوظ في:
| المؤلف الرئيسي: | |
|---|---|
| مؤلفون آخرون: | |
| التنسيق: | كتاب |
| اللغة: | Spanish |
| منشور في: |
[San José, Costa Rica]
2011
|
| الموضوعات: | |
| الوسوم: |
إضافة وسم
لا توجد وسوم, كن أول من يضع وسما على هذه التسجيلة!
|
MARC
| LEADER | 00000nam a22000007a 4500 | ||
|---|---|---|---|
| 003 | 010644 | ||
| 005 | 20231004132321.0 | ||
| 008 | 151110b2011 cr a|||| |||| 00| ||spa d | ||
| 040 | |c cru CEDI | ||
| 090 | |a TFG 6476 | ||
| 100 | |9 2236 |a Chaves Arguedas, Isaac | ||
| 245 | |a Desarrollo de la bolsa de empleo para la escuela de ingeniería eléctrica con ruby on rails | ||
| 260 | |a [San José, Costa Rica] |c 2011 | ||
| 300 | |a xix, 94 hojas : ilustraciones. | ||
| 500 | |a Proyecto de graduación (bachillerato en ingeniería eléctrica)--Universidad de Costa Rica. Facultad de Ingeniería. Escuela de Ingeniería Eléctrica | ||
| 501 | |a Profesor Guía de IE-0502 Proyecto Eléctrico: Dr. Lochi Yu Lo | ||
| 650 | |x INGENIERÍA ELÉCTRICA |x INGENIEROS |x TRABAJO |x PROGRAMAS PARA COMPUTADORA |9 2237 | ||
| 700 | |9 841 |a Lochi Yu Lo |d Director de Proyecto Eléctrico | ||
| 942 | |c CEDI | ||
| 999 | |c 14474 |d 14474 | ||
